000 00464nam a2200181Ia 4500
008 090124s9999 xx 000 0 und d
082 _b5593
_a285
100 _aनातू जी.एन.
245 _a ब्रॅडमन
250 _a1
260 _c1937
300 _a96
600 _aनातू जी.एन.
630 _a ब्रॅडमन
700 _aनातू जी.एन.
730 _a ब्रॅडमन
942 _cBOOK
999 _c119534
_d119534